<?xml version="1.0" encoding="UTF-8" ?>
<collection xmlns="http://www.loc.gov/MARC21/slim"><record><leader>01356nam a2200313   4500</leader><controlfield tag="001">232377</controlfield><controlfield tag="003">CH-000273-5</controlfield><controlfield tag="005">20260331165618.0</controlfield><datafield tag="020" ind1=" " ind2=" "><subfield code="a">978-3-7533-0970-5</subfield></datafield><datafield tag="040" ind1=" " ind2=" "><subfield code="a">CH-000273-5</subfield><subfield code="b">ger</subfield><subfield code="e">rda</subfield></datafield><datafield tag="041" ind1="0" ind2=" "><subfield code="a">ger</subfield></datafield><datafield tag="041" ind1="0" ind2=" "><subfield code="a">eng</subfield></datafield><datafield tag="100" ind1="1" ind2=" "><subfield code="a">Kubelka-Bondy, Friedl</subfield><subfield code="d">1946-</subfield><subfield code="e">Künstler</subfield><subfield code="4">art</subfield></datafield><datafield tag="245" ind1="1" ind2="0"><subfield code="a">Nicht daheim und doch zu Hause</subfield><subfield code="b">= Home but not at home</subfield><subfield code="c">Friedl Kubelka / vom Gröller ; herausgegeben von/edited by Stella Rollig, Stefanie Reisinger ; mit Textbeiträgen von/with contributions by: Salvator Amores [und 9 weiteren]</subfield></datafield><datafield tag="246" ind1="1" ind2="1"><subfield code="a">Home but not at home</subfield></datafield><datafield tag="264" ind1=" " ind2="1"><subfield code="a">Köln</subfield><subfield code="b">Verlag der Buchhandlung Walther und Franz König</subfield><subfield code="c">[2026]</subfield></datafield><datafield tag="300" ind1=" " ind2=" "><subfield code="a">192 Seiten</subfield><subfield code="c">24 cm</subfield><subfield code="e">1 Beiheft</subfield></datafield><datafield tag="336" ind1=" " ind2=" "><subfield code="a">Text</subfield><subfield code="b">txt</subfield><subfield code="2">rdacontent</subfield></datafield><datafield tag="336" ind1=" " ind2=" "><subfield code="a">unbewegtes Bild</subfield><subfield code="b">sti</subfield><subfield code="2">rdacontent</subfield></datafield><datafield tag="337" ind1=" " ind2=" "><subfield code="a">ohne Hilfsmittel zu benutzen</subfield><subfield code="b">n</subfield><subfield code="2">rdamedia</subfield></datafield><datafield tag="338" ind1=" " ind2=" "><subfield code="a">Band</subfield><subfield code="b">nc</subfield><subfield code="2">rdacarrier</subfield></datafield><datafield tag="546" ind1=" " ind2=" "><subfield code="a">Paralleltexte deutsch und englisch</subfield></datafield><datafield tag="600" ind1="1" ind2="7"><subfield code="a">Kubelka-Bondy, Friedl</subfield><subfield code="d">1946-</subfield><subfield code="x">Gouache</subfield><subfield code="x">Videokunst</subfield><subfield code="2">gnd</subfield></datafield><datafield tag="655" ind1=" " ind2="7"><subfield code="a">Ausstellungskatalog</subfield><subfield code="x">Belvedere 21</subfield><subfield code="y">13.02.2026-07.06.2026</subfield><subfield code="z">Wien</subfield><subfield code="2">gnd-content</subfield></datafield><datafield tag="700" ind1="1" ind2=" "><subfield code="a">Rollig, Stella</subfield><subfield code="d">1960-</subfield><subfield code="e">Herausgeber</subfield><subfield code="4">edt</subfield><subfield code="e">Verfasser</subfield><subfield code="4">aut</subfield></datafield><datafield tag="700" ind1="1" ind2=" "><subfield code="a">Reisinger, Stefanie</subfield><subfield code="e">Herausgeber</subfield><subfield code="4">edt</subfield><subfield code="e">Verfasser</subfield><subfield code="4">aut</subfield></datafield><datafield tag="700" ind1="1" ind2=" "><subfield code="a">Amores, Salvador</subfield><subfield code="e">Verfasser</subfield><subfield code="4">aut</subfield></datafield><datafield tag="710" ind1="2" ind2=" "><subfield code="a">Belvedere 21</subfield><subfield code="e">Veranstalter</subfield><subfield code="4">orm</subfield></datafield><datafield tag="852" ind1="4" ind2=" "><subfield code="a">CH-000273-5</subfield><subfield code="c">C 2026/0128</subfield></datafield></record></collection>